000 00474nam a22001937i 4500
001 3817
003 OSt
005 20170126082323.0
007 tu
008 161220s1998 xxu||||| |||| 00| 0 d
024 7 _a3816
_2RID
040 _cOSt
084 _a9.95
_2z
100 1 _aReszat, Beate
245 0 0 _aEmerging Financing Centres
260 _aHamburg :
_bHWWA-Institut für Wirtschaftsforschung,Hamburg,
_c1998.
300 _a32 S. ;
_c30cm.
490 _aHWWA-Diskussionspapier
_v52
942 _cB
999 _c3756
_d3756